=LDR 00000nam 2200000 4500 =001 INLIS000000000031938 =005 20130612133957 =008 ***********************************ind** =035 ##$$0010-061300000031938 =041 ##$$a ind =082 ##$$a 372.8 =090 ##$$a 372.8, Rob p =100 ##$$a Robson, Pan =245 ##$$a Pegunungan dan Bumi Kita Yang Bergerak, Pan Robson;Alih bahasa, Ayudiah Pitaqloka;Editor,A. Ary Satrio =260 ##$$a 2007 $b jakarta6bPega media =300 ##$$a 32 hlm, Ilus, 29 cm =650 ##$$a Pendididkan Dasar-Geografi =700 ##$$a Pitaloka, Ayudiyah =850 ##$$a NBPNMAT =990 ##$$a 28892889 =990 ##$$a 1202202889 =990 ##$$a 1202202889